| 000 | 00943nac a22002897a 4500 | ||
|---|---|---|---|
| 001 | BR7575012 | ||
| 003 | BR-BrBNA | ||
| 005 | 20240105113903.0 | ||
| 008 | 230509b bl.|||m| |||| 00| 0 por d | ||
| 040 |
_aBR-BrBNA _bpor _cBiblioteca Nacional de Agricultura |
||
| 072 | _aH10 | ||
| 090 | _a4020 BR7575012 | ||
| 100 | 1 | _aWiendl, F.M. | |
| 100 | 1 | _aTornisiello, V.L. | |
| 100 | 1 | _aDomarco, R.E. | |
| 110 | 1 | _aCentro de Energia Nuclear na Agricultura, Piracicaba, SP (Brasil) | |
| 245 | 1 | _aInfluencia da taxa de irradiacao gama sobre a mortalidade de Tribolium castaneum (Herbst.) | |
| 260 | 3 |
_aPiracicaba, SP (Brasil): _c1974. |
|
| 300 | _a26 p. | ||
| 490 |
_aBoletim Cientifico - Centro de Energia Nuclear na Agricultura (Brazil) _vno. 24 _x |
||
| 500 | _aSummaries (En, Pt) | ||
| 650 | _aTRIBOLIUM | ||
| 650 | _aIRRADIACAO | ||
| 650 | _aRAIO GAMA | ||
| 909 |
_a202312 _bLúcia Elande _c55 _dLúcia Elande |
||
| 942 |
_2AGRIS _n0 _cMS |
||
| 999 |
_c266154 _d266154 |
||